Understanding interest rates structure in Kenya / (Record no. 776)
[ view plain ]
| 000 -LEADER | |
|---|---|
| fixed length control field | 00761nam a22002292 4500 |
| 001 - CONTROL NUMBER | |
| control field | 0000008993 |
| 005 - DATE AND TIME OF LATEST TRANSACTION | |
| control field | 20151021151116.0 |
| 008 - FIXED-LENGTH DATA ELEMENTS--GENERAL INFORMATION | |
| fixed length control field | 080710s xx 000 0 eng d |
| 020 ## - INTERNATIONAL STANDARD BOOK NUMBER | |
| International Standard Book Number | 996694964x : |
| Terms of availability | KES |
| 040 ## - CATALOGING SOURCE | |
| Original cataloging agency | KABU |
| Transcribing agency | KABU |
| 100 1# - MAIN ENTRY--PERSONAL NAME | |
| Personal name | Ngugi, Rose W. |
| -- | 0000152502 |
| 245 10 - TITLE STATEMENT | |
| Title | Understanding interest rates structure in Kenya / |
| Statement of responsibility, etc. | Rose W. Ngugi, Joseph Wambua. |
| 260 ## - PUBLICATION, DISTRIBUTION, ETC. (IMPRINT) | |
| Place of publication, distribution, etc. | Nairobi : |
| Name of publisher, distributor, etc. | KIPPRA, |
| Date of publication, distribution, etc. | 2004. |
| 300 ## - PHYSICAL DESCRIPTION | |
| Extent | vii, 51 p. |
| 650 #0 - SUBJECT ADDED ENTRY--TOPICAL TERM | |
| Topical term or geographic name as entry element | Foreign exchange rates. |
| Geographic subdivision | Kenya. |
| -- | 0000160754 |
| 650 #0 - SUBJECT ADDED ENTRY--TOPICAL TERM | |
| Topical term or geographic name as entry element | Interest rates |
| Geographic subdivision | Kenya. |
| -- | 0000160726 |
| 700 1# - ADDED ENTRY--PERSONAL NAME | |
| Personal name | Wambua, Joseph. |
| -- | 0000160808 |
| 908 ## - PUT COMMAND PARAMETER (RLIN) | |
| Put command parameter | 080710 |
| 950 ## - LOCAL HOLDINGS (RLIN) | |
| -- | 1 |
| Withdrawn status | Lost status | Source of classification or shelving scheme | Not for loan | Home library | Current library | Date acquired | Total Checkouts | Full call number | Barcode | Date last seen | Price effective from | Koha item type |
|---|---|---|---|---|---|---|---|---|---|---|---|---|
| Library of Congress Classification | Kabarak, Main Campus | Kabarak, Main Campus | 17/12/2015 | HG3983.5 .N48 c. 2 | 012362 | 17/12/2015 | 17/12/2015 | General Collection | ||||
| Library of Congress Classification | Kabarak, Main Campus | Kabarak, Main Campus | 17/12/2015 | HG3983.5 .N48 c. 1 | 012361 | 17/12/2015 | 17/12/2015 | Africana Collection | ||||
| Library of Congress Classification | Kabarak, Nakuru City Campus | Kabarak, Nakuru City Campus | 21/10/2015 | HG3983.5 .N48 c. 1 | 15309 | 21/10/2015 | 21/10/2015 | General Collection | ||||
| Library of Congress Classification | Kabarak, Nakuru City Campus | Kabarak, Nakuru City Campus | 21/10/2015 | HG3983.5 .N48 c. 2 | 15308 | 21/10/2015 | 21/10/2015 | General Collection |